Elementary Linear Algebra (Record no. 1372)

MARC details
000 -LEADER
fixed length control field 00537nam a22002057a 4500
003 - CONTROL NUMBER IDENTIFIER
control field OSt
005 - DATE AND TIME OF LATEST TRANSACTION
control field 20190924115049.0
008 - FIXED-LENGTH DATA ELEMENTS--GENERAL INFORMATION
fixed length control field 150409b xxu||||| |||| 00| 0 eng d
020 ## - INTERNATIONAL STANDARD BOOK NUMBER
International Standard Book Number 0131219332
040 ## - CATALOGING SOURCE
Transcribing agency 040a
082 ## - DEWEY DECIMAL CLASSIFICATION NUMBER
Classification number 515.5
Item number KOL 2004
100 ## - MAIN ENTRY--PERSONAL NAME
Personal name Kolman, Bernard; Hill, David R.
9 (RLIN) 2693
245 ## - TITLE STATEMENT
Title Elementary Linear Algebra
250 ## - EDITION STATEMENT
Edition statement 8th ed.
260 ## - PUBLICATION, DISTRIBUTION, ETC. (IMPRINT)
Place of publication, distribution, etc. New Jersey;
Name of publisher, distributor, etc. Pearson,
Date of publication, distribution, etc. 2004
300 ## - PHYSICAL DESCRIPTION
Extent xv, 628p ;
Other physical details col.ill :
Dimensions 10 cm.
504 ## - BIBLIOGRAPHY, ETC. NOTE
Bibliography, etc includes index
650 ## - SUBJECT ADDED ENTRY--TOPICAL TERM
Topical term or geographic name as entry element Linear algebra
9 (RLIN) 3634
942 ## - ADDED ENTRY ELEMENTS (KOHA)
Source of classification or shelving scheme Dewey Decimal Classification
Koha item type Short Loan
Holdings
Withdrawn status Lost status Source of classification or shelving scheme Damaged status Not for loan Home library Current library Date acquired Inventory number Total Checkouts Full call number Barcode Date last seen Price effective from Koha item type Source of acquisition
    Dewey Decimal Classification     MUST Main Library MUST Main Library 09/04/2015 2005/24963   515.5 KOL 2004 2015-0833 09/04/2015 09/04/2015 Short Loan  
    Dewey Decimal Classification     MUST Main Library MUST Main Library 23/11/2015 2004/22811   515.5 KOL 2004 2015-2754 23/11/2015 23/11/2015 Short Loan  
    Dewey Decimal Classification     MUST Main Library MUST Main Library 14/06/2024 2011/33338   515.5 KOL 2004 2024-20512 14/06/2024 14/06/2024 Open Shelf Purchase
    Dewey Decimal Classification     MUST Main Library MUST Main Library 18/06/2024 2005/24964   515.5 KOL 2004 2024-20715 18/06/2024 18/06/2024 Open Shelf Purchase